Kinh tế đối ngoại

Đã lưu trong:
Sonraí Bibleagrafaíochta
Formáid: Leabhar
Teanga:Undetermined
Foilsithe: Hà Nội Trường Đại học Ngoại thương 2019
Ábhair:
Clibeanna: Cuir Clib Leis
Gan Chlibeanna, Bí ar an gcéad duine leis an taifead seo a chlibeáil!
Thư viện lưu trữ: Trung tâm Học liệu Trường Đại học Cần Thơ
LEADER 00510nam a2200169Ia 4500
001 CTU_234313
008 210402s9999 xx 000 0 und d
082 |a 327 
082 |b K312 
245 0 |a Kinh tế đối ngoại 
245 0 |c Trường Đại học Ngoại thương 
260 |a Hà Nội 
260 |b Trường Đại học Ngoại thương 
260 |c 2019 
650 |a Economic,Kinh tế học 
904 |i T.Trang 
980 |a Trung tâm Học liệu Trường Đại học Cần Thơ